00530 2200193 4500001002100000005001500021035002000036245008700056100001700143250000600160300003400166700002200200260004400222082001000266084001600276020001800292650000900310990001700319INLIS00000000000089920190316124222 a0010-03190001121 aMengenal Dua Jenis Rusa Di Indonesia /cGono Semiadi; Ilustrasi, Ir. Wahyu Handoko0 aGono Semiadi a- ax, 48 hlm. :bIlus. ;c21 cm.0 aIr. Wahyu Handoko aJakarta :bPT Musi Perkasa Utama,c2005 a599.6 a599.6 GON m a979-651-238-6 aRusa a03257/H/2018